• 首页
  • 本馆介绍
  • 公告通知
  • 最新文献
  • 馆藏检索
  • 电子资源
  • 读者导购
  • 参考咨询
  • 我的图书馆
  • 登录
  • 详细信息显示
  • 放入我的书架
  • 预约/预借图书
  • 作者相关作品
  • 分类相关作品
  • 丛书相关作品
  • 出版社相关作品

书目信息

  • 表格格式
  • 工作单格式
  • 卡片格式
题名:
肌理论
    
 
作者: 袁帅亚 著
分册:  
出版信息: 长春   东北师范大学出版社  2017.9
页数: 196页
开本: 24cm
丛书名:
单 册:
中图分类: H315.9 , I05
科图分类:
主题词: 诗歌--英语--文学翻译--研究
电子资源:
ISBN: 978-7-5681-3718-8
000 00898nam0 2200241 45
001 012001000948
005 20140920091302.0
010    @a978-7-5681-3718-8@dCNY47.00
100    @a20170912d2017 em y0chiy0110 ea
101 0  @achi
102    @aCN@b220000
105    @ay z 000yy
106    @ar
200 1  @a肌理论@9Ji Li Lun@f袁帅亚著
210    @a长春@c东北师范大学出版社@d2017.9
215    @a196页@d24cm
330    @a邵洵美(1906~1968)是中国现代文学史上重要的翻译家、诗人和出版家。鉴于翻译界对邵洵美翻译研究的关注不够,本文全面梳理他的翻译理论和实践,并尝试把他本人所提倡的有关新诗创作和批评的肌理论引入翻译研究,从肌理论的视角,展开对邵洵美翻译理论与实践的整体而又有所侧重的探讨和批评。
606 0  @a诗歌@x英语@x文学翻译@x研究
690    @aH315.9@v5
690    @aI05@v5
701  0 @a袁帅亚@9Yuan Shuai Ya@4著
801  0 @aCN@b上海新华@c20180901
905    @b1155616-20@dH315.9@e718@f5
    
    肌理论/袁帅亚著.-长春:东北师范大学出版社,2017.9
    196页;24cm
    
    
    ISBN 978-7-5681-3718-8:CNY47.00
    邵洵美(1906~1968)是中国现代文学史上重要的翻译家、诗人和出版家。鉴于翻译界对邵洵美翻译研究的关注不够,本文全面梳理他的翻译理论和实践,并尝试把他本人所提倡的有关新诗创作和批评的肌理论引入翻译研究,从肌理论的视角,展开对邵洵美翻译理论与实践的整体而又有所侧重的探讨和批评。
●
相关链接 在E读中查询图书 在五车中查询图书 在当当中查询图书 在豆瓣中查询图书


正题名:肌理论     索取号:H315.9/718         预约/预借

序号 登录号 条形码 馆藏地/架位号 状态 备注
1 1155616   211556163   第二样本阅览室/ [索取号:H315.9/718] 在馆    
2 1155617   211556172   密集书库—外国语学院/ [索取号:H315.9/718] 在馆    
3 1155618   211556181   第四借阅区/ [索取号:H315.9/718] 在馆    
4 1155619   211556190   第四借阅区/ [索取号:H315.9/718] 在馆    
5 1155620   211556207   第四借阅区/ [索取号:H315.9/718] 在馆    
唐山师范学院图书馆 欢迎您!
大连网信软件有限公司© 版权所有